Симеон (Запис номер 161610)
[ съкратено ]
| 000 -Лидер | |
|---|---|
| Контролно поле с фиксирана дължина | 01721nam a2200373 a 4500 |
| 003 - Код на организацията, давaща контролен номер | |
| Контролно поле | BLK |
| 005 - Дата и час на последна редакция | |
| Контролно поле | 20240415130916.0 |
| 008 - Елементи от данни с фиксирана дължина | |
| fixed length control field | 180410b bul|||||r ||||||| ||bul|| |
| 010 ## - Наследен системен номер | |
| LC control number | KNG00168935000 |
| 040 ## - Източник на каталожния запис | |
| Идентификатор на билиотеката - собственик на записа | BLK |
| 041 ## - Код за език | |
| Код за езика на текст/звукозапис или на отделно заглавие | Български |
| Код за езика КДБФ | Български |
| 072 #7 - Код за тематичната категория | |
| Код организация | bullib |
| Код за тематична категория | К |
| Текст | Краезнание |
| 072 #7 - Код за тематичната категория | |
| Код организация | bullib |
| Код за тематична категория | Ц |
| Текст | Редки и ценни |
| 080 ## - УДК | |
| Текстов определител УДК | Българска литература |
| УДК код - определител по УДК | 821.163.2 |
| УДК определител | -24 |
| УДК - код + определител | 821.163.2-24 |
| 100 ## - Редна дума - Автор | |
| Автор | Станчев, Тодор |
| Дати, свързани с автора | 1849-1903 |
| Автор - информация (биография) | Журналист, литератор, общественик, театрален деец. |
| Пълна форма на името | Драгошинов, Тодор Хаджистанчев |
| Авторска отговорност | първи автор |
| R(LIN) | 378312 |
| 139 ## - Редно поле | |
| Редна дума | Хаджистанчев, Тодор |
| Авторски знак | Хаджио - Х 16 |
| 245 10 - Сведения за заглавието | |
| Заглавие | Симеон |
| Подзаглавни данни | (Български цар) : Историческа драма в 4 действия |
| Редно поле (дума) | Т. Х. Станчев. |
| 257 ## - Страна на издаване | |
| Страна на създаване/издаване | България |
| 260 ## - Област на издателските данни | |
| Място на издаване, разпространение и проч. | Русе |
| Име на издателя, разпространителя и проч. | печ. Славянин |
| Година на издаване | 1880 |
| Печатница | Русчук : скоропеч. на в. Славянин |
| 9 (RLIN) | 217851 |
| 300 ## - Физическа характеристика | |
| Страници | 48 с. |
| Размери/Мащаб | 21 см |
| 380 ## - Жанр | |
| Жанр | Худож. лит. |
| 490 ## - СЕРИИ (Колекции) | |
| 9 (RLIN) | 435080 |
| Име на серия | Колекция Редки и ценни издания |
| 600 14 - Име на лице, използвано като предмет | |
| За него / За нея | Симеон I, цар български |
| 9 (RLIN) | 270335 |
| 852 ## - Местоположение | |
| Форматна сигнатура | Рб 880 |
| Фондова буква | Редки и ценни |
| 852 ## - Местоположение | |
| Форматна сигнатура | К 821.163.2/Х 16 |
| Фондова буква | Краезнание |
| 856 4# - Електронен адрес и достъп | |
| Електронен формат | pdf - файл |
| Инструкция (цена за достъп) | 0.00 |
| Права за достъп | Достъп за регистрирани потребители |
| Име на файл | Симеон |
| Път до файла /url/ | http://185.138.176.146:18082/cgi-bin/koha/opac-retrieve-file.pl?id=1df9824008a78919f91aefac96a0a65a |
| Допълнителна информация (Корица, съдържание, пълен текст, звуков файл, HTML файл) | Електронна книга |
| Информация за съдържанието | Симеон |
| 856 4# - Електронен адрес и достъп | |
| Електронен формат | pdf - файл |
| Инструкция (цена за достъп) | 0.00 |
| Права за достъп | disable |
| 999 ## - СИСТЕМНИ КОНТРОЛНИ НОМЕРА | |
| Koha biblionumber | 161610 |
| Koha biblioitemnumber | 161610 |
| 942 ## - АРТИКУЛИ | |
| Вид на библиотечния материал | Книги |
| Скрит в OPAC | Не |
| Периодичен библиозапис | Да |
| 944 ## - СЪЗДАВАНЕ И РЕДАКЦИЯ на ЗАПИСА | |
| Създаване/Редакция | Създаване |
| Дата на регистрацията/редакция | 18.12.2014 |
| Статус, дата на статуса | Моника Янева |
| Служител, извършил регистрацията/редакцията | 30570 |
| 944 ## - СЪЗДАВАНЕ И РЕДАКЦИЯ на ЗАПИСА | |
| Създаване/Редакция | Редакция |
| Дата на регистрацията/редакция | 2023-04-11 |
| Служител, извършил регистрацията/редакцията | Кети |
| 999 ## - СИСТЕМНИ КОНТРОЛНИ НОМЕРА | |
| Koha biblioitemnumber | 161610 |
| 999 ## - СИСТЕМНИ КОНТРОЛНИ НОМЕРА | |
| Koha biblioitemnumber | 161610 |
| 999 ## - СИСТЕМНИ КОНТРОЛНИ НОМЕРА | |
| Koha biblioitemnumber | 161610 |
| Код за отписване | Код за изгубен артикул | Източник на класификационната схема | Код за повреда | Коз за рестрикции | Код за отдаване | Артикулен № | Име на библиотеката - собственик | Име на библиотеката, в която се намира в момента | Статус (Текущо местоположение) | Дата на вписване в системата | Местоположение - отдел | Цена в лева | Инвентарен номер | Систематично азбучна сигнатура | Баркод | Номер на екземпляра | Цена в евро | Служебна бележка | Служебен тип на артикула |
|---|---|---|---|---|---|---|---|---|---|---|---|---|---|---|---|---|---|---|---|
| Не е изгубен | Universal Decimal Classification | Не е повреден | без рестрикции | Специални фондове ( старопечатни, редки и ценни, фонд М. Арнаудов) | 269965 | Регионална библиотека "Любен Каравелов" Русе | Регионална библиотека "Любен Каравелов" Русе | Редки и ценни | 1880-01-01 | Редки и ценни | 2.00 | 487886 | Рб 880 | 120000487886 | 1 | 1.02 | N: Сф Дата: 01.01.1880 Дата инв: 02.04.2018 Бележки инв: Рц2018 | Книги | |
| Не е изгубен | Universal Decimal Classification | Не е повреден | без рестрикции | ползва се в читалня | 269966 | Регионална библиотека "Любен Каравелов" Русе | Регионална библиотека "Любен Каравелов" Русе | Краезнание | 1880-01-01 | Краезнание | 0.30 | 2535/66 | К 821.163.2/Х 16 | 900000003455 | 2 | 0.15 | N: Сф Дата: 01.01.1880 Дата инв: 15.11.2017 Бележки инв: К2017 | Книги |